[Event "Championnat de France - Open A"]
[Site "Pau"]
[Date "2008.08.17"]
[Round "6.53"]
[White "Garrel, Alain"]
[Black "Forgues, Valerie"]
[Result "1-0"]
[WhiteElo "2107"]
[BlackElo "1999"]
[PlyCount "63"]

1. d4 d5 2. Nf3 Nf6 3. c3 e6 4. Bg5 Nbd7 5. e3 c5 6. Nbd2 Bd6 7. Bd3 Qc7 8. O-O
O-O 9. Rc1 b6 10. c4 Qb8 11. cxd5 Nxd5 12. Ne4 cxd4 13. Nxd6 Qxd6 14. Nxd4 Nc5
15. Bb1 Qe5 16. Nf3 Qxb2 17. Nd4 Nc3 18. Bxh7+ Kxh7 19. Qh5+ Kg8 20. Bf6 N3e4
21. Bxg7 Kxg7 22. Qg4+ Kf6 23. Qh4+ Kg7 24. Qg4+ Kf6 25. Qh4+ Ke5 26. Rc2 Qa3
27. Rd1 Nd3 28. Nc6+ Kd5 29. Rc3 Qxc3 30. Nb4+ Kd6 31. Nxd3 Bb7 32. Qf4+ 1-0

[Event "Championnat de France - Open A"]
[Site "Pau"]
[Date "2008.08.17"]
[Round "6.54"]
[White "Lachique, Francois"]
[Black "Jouneau, Quentin"]
[Result "0-1"]
[WhiteElo "2104"]
[BlackElo "1978"]
[PlyCount "86"]

1. d4 Nf6 2. c4 c5 3. d5 e6 4. Nc3 exd5 5. cxd5 Bd6 6. Nf3 O-O 7. Bg5 Re8 8.
Nd2 Be5 9. Nc4 Bxc3+ 10. bxc3 d6 11. a4 h6 12. Bxf6 Qxf6 13. Qd2 b6 14. e3 Qg6
15. f3 Ba6 16. Bd3 Qg5 17. O-O-O Bxc4 18. Bxc4 Rxe3 19. Bb5 a6 20. h4 Rxc3+ 21.
Kb2 Qxd2+ 22. Rxd2 Re3 23. Bc6 Ra7 24. Kc2 Rc7 25. Ba8 b5 26. axb5 axb5 27. Ra1
Ree7 28. Ra5 Ra7 29. Rxa7 Rxa7 30. Bc6 Ra2+ 31. Kc1 Rxd2 32. Kxd2 b4 33. Kd3
Kf8 34. Ba4 Ke7 35. Kc4 Nd7 36. Kb5 g5 37. hxg5 hxg5 38. Bb3 f5 39. Bc2 f4 40.
Be4 Nf6 41. Kc6 Nxe4 42. fxe4 Kd8 43. Kxd6 b3 0-1

[Event "Championnat de France - Open A"]
[Site "Pau"]
[Date "2008.08.17"]
[Round "6.55"]
[White "Billon, Olivier"]
[Black "Jacquot, David"]
[Result "1-0"]
[WhiteElo "1999"]
[BlackElo "2087"]
[PlyCount "53"]

1. e4 c5 2. Nc3 Nc6 3. Bb5 g6 4. Bxc6 dxc6 5. f4 Nf6 6. d3 Bg7 7. Nf3 O-O 8.
O-O Qb6 9. Kh1 Qc7 10. Qe1 Nh5 11. f5 e5 12. g4 Nf4 13. Ne2 Nxe2 14. Qxe2 f6
15. Qf2 b6 16. Qh4 Ba6 17. g5 c4 18. gxf6 Bxf6 19. Qg4 Qg7 20. Qh3 Qd7 21. Bh6
Rf7 22. Qg2 Bg7 23. fxg6 Rxf3 24. Rxf3 Bxh6 25. Rf7 Qd4 26. Raf1 Bf4 27. Qh3
1-0

[Event "Championnat de France - Open A"]
[Site "Pau"]
[Date "2008.08.17"]
[Round "6.56"]
[White "Carre, Sylvain"]
[Black "Hodot, Yves"]
[Result "1-0"]
[WhiteElo "2044"]
[BlackElo "1963"]
[PlyCount "127"]

1. c4 f5 2. d4 Nf6 3. Nc3 g6 4. Bg5 c6 5. Nf3 Ne4 6. Bf4 Qa5 7. e3 d6 8. Bd3
Nd7 9. Bxe4 fxe4 10. Nd2 Nf6 11. O-O Bf5 12. h3 Rg8 13. g4 g5 14. Bg3 Bg6 15.
Qb3 O-O-O 16. d5 h5 17. gxh5 Nxh5 18. Ndxe4 Bh6 19. Bh2 g4 20. h4 g3 21. Nxg3
Rdf8 22. Nce2 c5 23. Kh1 Qc7 24. f4 Qd7 25. f5 Bxf5 26. Nxf5 Rxf5 27. e4 Rff8
28. Rxf8+ Rxf8 29. Rg1 Nf6 30. Bf4 Bxf4 31. Nxf4 Nxe4 32. Ne6 Rh8 33. Qf3 Rxh4+
34. Kg2 Nf6 35. Kf1 b6 36. b3 b5 37. Qf2 Rh8 38. Qc2 Qe8 39. Qf5 Kb8 40. Ng7
Qc8 41. Ne6 bxc4 42. bxc4 Qa6 43. Qb1+ Qb6 44. Qc2 Qa6 45. Rg3 Nxd5 46. Qb2+
Nb6 47. Qxh8+ Kb7 48. Qh4 Qxc4+ 49. Qxc4 Nxc4 50. Rg7 Ne3+ 51. Ke2 Nd5 52. Kd3
Kc6 53. a3 Kd7 54. Nf8+ Kc6 55. Ng6 e5 56. Rxa7 Nc7 57. Ra4 Kd5 58. Rh4 Na6 59.
Ne7+ Ke6 60. Nc8 Nc7 61. Rh6+ Kd7 62. Nxd6 Ne6 63. Nc4 Nf4+ 64. Ke4 1-0

[Event "Championnat de France - Open A"]
[Site "Pau"]
[Date "2008.08.17"]
[Round "6.57"]
[White "Sauvadet, Herve"]
[Black "Eid, Maha"]
[Result "0-1"]
[WhiteElo "2041"]
[BlackElo "1953"]
[PlyCount "96"]

1. e4 c5 2. Nf3 e6 3. d4 cxd4 4. Nxd4 a6 5. c4 Nf6 6. Nc3 Qc7 7. a3 Be7 8. Be2
O-O 9. O-O b6 10. Re1 Bb7 11. Bf1 d6 12. g3 Nbd7 13. b3 Rfe8 14. Bb2 Rac8 15.
Bg2 Qb8 16. Rc1 Qa8 17. Qe2 Bf8 18. Qf1 Nc5 19. Qe2 e5 20. Nf5 g6 21. Ne3 Nxb3
22. Rcd1 Nd4 23. Qd3 Bg7 24. Na4 Nd7 25. Qb1 b5 26. cxb5 axb5 27. Nc3 Nf6 28.
Qd3 Ba6 29. Qb1 Bb7 30. Qd3 Nd7 31. Ncd5 Nc5 32. Qb1 Na4 33. Rc1 Rxc1 34. Qxc1
Qa5 35. Kf1 Nc5 36. Rd1 Qa4 37. Nb6 Qa6 38. Nbd5 Bxd5 39. exd5 Ncb3 40. Qc3 Rc8
41. Qb4 Nc5 42. Bxd4 exd4 43. Nc2 d3 44. Nd4 Bxd4 45. Qxd4 Qxa3 46. Qf6 Nd7 47.
Qd4 Ne5 48. f4 Rc1 0-1

[Event "Championnat de France - Open A"]
[Site "Pau"]
[Date "2008.08.17"]
[Round "6.58"]
[White "Cheron, Stephane"]
[Black "Coustance, Kevin"]
[Result "0-1"]
[WhiteElo "1990"]
[BlackElo "2034"]
[PlyCount "60"]

1. e4 c5 2. Nf3 d6 3. d4 cxd4 4. Nxd4 Nf6 5. Nc3 a6 6. Be2 e5 7. Nb3 Be7 8. Bg5
O-O 9. Qd2 Be6 10. O-O-O Nbd7 11. f3 b5 12. Be3 Nb6 13. Bxb6 Qxb6 14. Nd5 Nxd5
15. exd5 Bd7 16. Bd3 a5 17. Qe1 a4 18. Na1 a3 19. b3 f5 20. Qb4 Rfc8 21. g4 Bf6
22. Bxf5 Bxf5 23. gxf5 e4 24. Kb1 exf3 25. c4 Qd8 26. cxb5 Bxa1 27. Kxa1 Qf6+
28. Rd4 Rc5 29. Rhd1 f2 30. Qd2 Rac8 0-1

[Event "Championnat de France - Open A"]
[Site "Pau"]
[Date "2008.08.17"]
[Round "6.59"]
[White "Charpentier, Denis"]
[Black "Laurent, Maxime"]
[Result "0-1"]
[WhiteElo "1974"]
[BlackElo "2033"]
[PlyCount "80"]

1. e4 e6 2. d3 d5 3. Nd2 Nf6 4. Ngf3 Be7 5. g3 c5 6. Bg2 O-O 7. O-O Nc6 8. e5
Nd7 9. Re1 Qc7 10. Qe2 b5 11. Nf1 Ba6 12. Bf4 Rac8 13. a3 Qb6 14. c3 b4 15. Qd2
bxc3 16. bxc3 Rb8 17. Qc2 Qb5 18. Red1 Na5 19. Rab1 Qc6 20. Ne3 Bb5 21. Rdc1
Ba4 22. Qe2 Rxb1 23. Rxb1 Qa6 24. c4 dxc4 25. dxc4 Nb6 26. Ng5 Bc6 27. Qh5 h6
28. Ne4 Be8 29. Nf6+ gxf6 30. exf6 Bxf6 31. Bxh6 Nd7 32. Be4 Bd4 33. Bg7 f5 34.
Qh8+ Kf7 35. Qh7 Bxg7 36. Nxf5 exf5 37. Bd5+ Kf6 38. g4 fxg4 39. Qh4+ Kf5 40.
Re1 Nf6 0-1

[Event "Championnat de France - Open A"]
[Site "Pau"]
[Date "2008.08.17"]
[Round "6.60"]
[White "Batteux, Mickael"]
[Black "Fourcand, Pierre"]
[Result "0-1"]
[WhiteElo "2030"]
[BlackElo "1933"]
[PlyCount "80"]

1. d4 Nf6 2. Nf3 c5 3. d5 e6 4. c4 b5 5. a4 bxc4 6. Nc3 exd5 7. Nxd5 Bb7 8. e4
Nxd5 9. exd5 d6 10. Bxc4 Be7 11. O-O O-O 12. Bd2 Nd7 13. a5 Bf6 14. Bf4 Qc7 15.
Qd2 Rad8 16. Rfe1 Ne5 17. Nxe5 Bxe5 18. Bxe5 dxe5 19. Ra3 Kh8 20. Rd3 Qd6 21.
Qc3 f6 22. b3 Qc7 23. Qd2 Qd6 24. Qc3 Rfe8 25. Qc2 f5 26. Rde3 e4 27. f3 Bxd5
28. Bxd5 Qxd5 29. fxe4 Qd4 30. Kh1 Rxe4 31. Rxe4 fxe4 32. h3 e3 33. Qe2 Re8 34.
Qb5 Qe5 35. b4 cxb4 36. Qxb4 e2 37. Qg4 Qe4 38. Qxe4 Rxe4 39. Kg1 Kg8 40. Kf2
Kf7 0-1

[Event "Championnat de France - Open A"]
[Site "Pau"]
[Date "2008.08.17"]
[Round "6.61"]
[White "Hurpeau, Jean-Marc"]
[Black "Bressac, Stephane"]
[Result "1/2-1/2"]
[WhiteElo "1966"]
[BlackElo "2028"]
[PlyCount "141"]

1. d4 Nf6 2. Nf3 g6 3. e3 Bg7 4. Be2 O-O 5. b3 d6 6. Bb2 Nbd7 7. c4 Qe8 8. Nc3
e5 9. Nb5 Qd8 10. dxe5 Ng4 11. O-O a6 12. Nc3 Ngxe5 13. Qc2 Nxf3+ 14. Bxf3 Ne5
15. Be2 f5 16. g3 g5 17. Rad1 f4 18. exf4 gxf4 19. gxf4 Bh3 20. Nd5 c6 21. Qc3
Qh4 22. Qg3 Qxg3+ 23. fxg3 cxd5 24. fxe5 Bxf1 25. Bxf1 dxe5 26. Rxd5 Rae8 27.
Bg2 e4 28. Rg5 Rf7 29. Rg4 h5 30. Rg5 Kh7 31. Bxg7 Rxg7 32. Rxg7+ Kxg7 33. Kf1
Kf6 34. Ke2 Ke5 35. Ke3 b6 36. Bxe4 h4 37. gxh4 Rh8 38. Bb7 Rxh4 39. Bxa6 Rh3+
40. Kd2 Kd4 41. a4 Rxh2+ 42. Kd1 Kc3 43. Bb5 Rd2+ 44. Ke1 Rb2 45. Kd1 Rxb3 46.
Kc1 Ra3 47. Kb1 Kb3 48. Kc1 Ra1+ 49. Kd2 Rh1 50. Kd3 Rh4 51. Kd2 Rd4+ 52. Ke3
Kc3 53. Ba6 Rd7 54. Ke2 Rd8 55. Bb5 Rd6 56. Ba6 Kc2 57. Ke3 Re6+ 58. Kd4 Kb3
59. Kd5 Rh6 60. Bb5 Kb4 61. Kd4 Rd6+ 62. Ke3 Kc5 63. Ba6 Rd4 64. Bb5 Rxc4 65.
Bxc4 Kxc4 66. a5 bxa5 67. Kd2 Kb3 68. Kc1 Ka2 69. Kc2 a4 70. Kc1 Ka3 71. Kc2
1/2-1/2

[Event "Championnat de France - Open A"]
[Site "Pau"]
[Date "2008.08.17"]
[Round "6.62"]
[White "Menneveux, Jerome"]
[Black "Pradere, Anthony"]
[Result "1-0"]
[WhiteElo "2027"]
[BlackElo "1930"]
[PlyCount "59"]

1. e4 c5 2. Nf3 d6 3. d4 Nf6 4. Nc3 cxd4 5. Nxd4 a6 6. Bc4 e6 7. Bb3 Nbd7 8.
O-O b5 9. Bg5 Qc7 10. Re1 Nc5 11. Bxf6 gxf6 12. Qh5 Bg7 13. Re3 O-O 14. Rg3 Kh8
15. Re1 Nxb3 16. Ree3 Qc5 17. Nf5 Qxe3 18. Nxe3 Nd4 19. Rxg7 Kxg7 20. Ng4 Rg8
21. Qh6+ Kh8 22. Qxf6+ Rg7 23. Nh6 Bb7 24. Nxf7+ Kg8 25. Nh6+ Kh8 26. Qxd4 Rf8
27. Qxd6 Re8 28. Qe5 Bc8 29. Nd5 Rf8 30. Nf4 1-0

[Event "Championnat de France - Open A"]
[Site "Pau"]
[Date "2008.08.17"]
[Round "6.63"]
[White "Cao, Philippe"]
[Black "Vignier, Pascal"]
[Result "1/2-1/2"]
[WhiteElo "1991"]
[BlackElo "2068"]
[PlyCount "46"]

1. e4 Nf6 2. e5 Nd5 3. d4 d6 4. Nf3 g6 5. Bc4 Nb6 6. Bb3 Bg7 7. O-O O-O 8. h3
Nc6 9. Qe2 Na5 10. Bf4 Nxb3 11. axb3 Nd5 12. Bg3 Bf5 13. Nh4 Bd7 14. Nd2 Nb4
15. c3 Nc6 16. f4 e6 17. Nhf3 d5 18. Bh4 Qe8 19. g4 Ne7 20. Bf6 b6 21. Bxg7
Kxg7 22. Qf2 Rh8 23. Qg2 Qd8 1/2-1/2

[Event "Championnat de France - Open A"]
[Site "Pau"]
[Date "2008.08.17"]
[Round "6.64"]
[White "Lamouille, Patrick"]
[Black "Gras, Delphine"]
[Result "0-1"]
[WhiteElo "2052"]
[BlackElo "1993"]
[PlyCount "76"]

1. d4 d5 2. Nf3 Nf6 3. c4 e6 4. g3 dxc4 5. Bg2 c6 6. a4 b5 7. axb5 cxb5 8. Bg5
Bb7 9. O-O h6 10. Bxf6 Qxf6 11. Qc2 Nc6 12. Rd1 Be7 13. b3 Nb4 14. Qb2 cxb3 15.
Qxb3 O-O 16. Nc3 a6 17. Ne5 Bxg2 18. Nd7 Qf5 19. Nxf8 Bc6 20. e4 Qf3 21. d5 Bc5
22. Qb2 exd5 23. Nd7 Bxd7 24. Qe2 Bg4 25. Qxf3 Bxf3 26. Rdc1 Nd3 27. Rc2 Bd4
28. Ra5 Rc8 29. exd5 Rxc3 30. Rxc3 Bxc3 31. Rxa6 Bxd5 32. Ra3 b4 33. Ra4 Be6
34. Ra8+ Kh7 35. Rd8 Bc4 36. Rc8 Ne5 37. h4 b3 38. f4 b2 0-1

[Event "Championnat de France - Open A"]
[Site "Pau"]
[Date "2008.08.17"]
[Round "6.65"]
[White "Brunstein, Sandrine"]
[Black "Bornhauser, Eric"]
[Result "1-0"]
[WhiteElo "2049"]
[BlackElo "1985"]
[PlyCount "105"]

1. e4 d6 2. d4 Nf6 3. Nc3 g6 4. f4 Bg7 5. Nf3 O-O 6. Bd3 Nc6 7. O-O e5 8. fxe5
dxe5 9. d5 Ne7 10. Qe1 c6 11. dxc6 Nxc6 12. Qh4 Be6 13. Kh1 Qb6 14. Ng5 h5 15.
Bd2 Nb4 16. Nxe6 Qxe6 17. Bg5 Nxd3 18. cxd3 Nh7 19. Be3 Nf6 20. Bg5 Nh7 21. Nd5
Nxg5 22. Qxg5 Kh7 23. Nc7 Qd6 24. Nxa8 Bh6 25. Qf6 Qxf6 26. Rxf6 Kg7 27. Raf1
Bg5 28. Rd6 Rxa8 29. Rd7 Rf8 30. Rxb7 Be3 31. g3 Bd4 32. Rc1 Bb6 33. h4 Rd8 34.
Rf1 Rf8 35. a4 Kg8 36. b4 f5 37. exf5 gxf5 38. a5 Be3 39. b5 Rf6 40. Rf3 f4 41.
gxf4 exf4 42. Re7 Bd2 43. Rxa7 Be3 44. Re7 Rd6 45. Rfxe3 fxe3 46. Rxe3 Rd4 47.
a6 Rxh4+ 48. Kg2 Rd4 49. Re7 Kf8 50. Rc7 Ke8 51. a7 Kd8 52. b6 Rh4 53. Rh7 1-0

[Event "Championnat de France - Open A"]
[Site "Pau"]
[Date "2008.08.17"]
[Round "6.66"]
[White "Bekhouche, Christophe"]
[Black "Noizat, Pierre"]
[Result "1/2-1/2"]
[WhiteElo "1973"]
[BlackElo "2045"]
[PlyCount "53"]

1. Nf3 Nf6 2. g3 b5 3. Bg2 Bb7 4. O-O e6 5. d3 Be7 6. Nbd2 O-O 7. e4 d5 8. e5
Nfd7 9. Re1 c5 10. Nf1 Nc6 11. h4 Qc7 12. Bf4 Rae8 13. N1h2 Qd8 14. Qd2 f6 15.
Bh3 Ndxe5 16. Bxe6+ Kh8 17. c3 Bd6 18. Bxd5 Ng6 19. Bxd6 Qxd6 20. Rxe8 Rxe8 21.
Bf7 Rd8 22. Bxg6 hxg6 23. Rd1 Qd5 24. d4 cxd4 25. cxd4 Qe4 26. Qe3 Qd5 27. Qb3
1/2-1/2

[Event "Championnat de France - Open A"]
[Site "Pau"]
[Date "2008.08.17"]
[Round "6.67"]
[White "Achereiner, Guillaume"]
[Black "Brih, Touatia"]
[Result "1/2-1/2"]
[WhiteElo "2025"]
[BlackElo "1934"]
[PlyCount "89"]

1. d4 c5 2. d5 e5 3. e4 d6 4. c4 Be7 5. Bd3 Na6 6. a3 Nf6 7. Ne2 Qa5+ 8. Nbc3
O-O 9. Ng3 Rb8 10. Bd2 Qd8 11. Nb5 Ra8 12. O-O Nc7 13. Nxc7 Qxc7 14. f4 exf4
15. Bxf4 Ng4 16. Nf5 Ne5 17. Bxe5 dxe5 18. Qd2 Qd8 19. Qf2 Bxf5 20. Qxf5 Bf6
21. Kh1 Qb6 22. Qf2 a5 23. Rad1 Bg5 24. Qf5 Bf4 25. g3 g6 26. Qd7 Bg5 27. h4
Rad8 28. Qb5 Qxb5 29. cxb5 Be7 30. Bc4 Kg7 31. Kg2 b6 32. h5 Rd6 33. Rf3 f5 34.
hxg6 hxg6 35. Re1 Rdf6 36. exf5 Rxf5 37. Rxf5 Rxf5 38. g4 Rf4 39. Be2 Bh4 40.
Rf1 Rd4 41. Rd1 Kf6 42. Rxd4 exd4 43. Kf3 Ke5 44. a4 Kxd5 45. b3 1/2-1/2

[Event "Championnat de France - Open A"]
[Site "Pau"]
[Date "2008.08.17"]
[Round "6.68"]
[White "Bollard, Maxime"]
[Black "Le Montagner, Yoann"]
[Result "1/2-1/2"]
[WhiteElo "1980"]
[BlackElo "2014"]
[PlyCount "145"]

1. d4 d5 2. c4 Nc6 3. Nf3 Bg4 4. Nc3 e6 5. cxd5 exd5 6. Bf4 Bd6 7. Bg3 Nge7 8.
e3 O-O 9. Bd3 Re8 10. Bxh7+ Kxh7 11. Ng5+ Kg6 12. Qxg4 f5 13. Qh4 Rh8 14. Ne6
Rxh4 15. Nxd8 Bxg3 16. fxg3 Rh8 17. Ne6 Nb4 18. Kd2 c6 19. h4 Kf6 20. Nc5 b6
21. Nd7+ Ke6 22. a3 Nc2 23. Kxc2 Kxd7 24. b4 Rh5 25. Ne2 Rah8 26. Nf4 R5h6 27.
Nh3 Rf8 28. a4 f4 29. Nxf4 Nf5 30. Ra3 g5 31. Ne2 gxh4 32. g4 Nd6 33. g5 Rg6
34. Nf4 Rxg5 35. Rxh4 Rf7 36. Rh3 Nc4 37. Ra2 Nxe3+ 38. Rxe3 Rxf4 39. Kc3 Rfg4
40. Rf2 Rg7 41. Ref3 Rg3 42. Kd3 a5 43. bxa5 bxa5 44. Rxg3 Rxg3+ 45. Rf3 Rxg2
46. Rf7+ Ke6 47. Ra7 Rg3+ 48. Kc2 Kf5 49. Rxa5 Ke4 50. Rc5 Ra3 51. Rxc6 Rxa4
52. Rh6 Rc4+ 53. Kd2 Rxd4+ 54. Ke2 Ke5 55. Rh8 Rg4 56. Re8+ Kd4 57. Re7 Rg2+
58. Kd1 Kc4 59. Ke1 Ra2 60. Re8 d4 61. Rh8 Kc3 62. Rc8+ Kd3 63. Rd8 Ra1+ 64.
Kf2 Rd1 65. Rd7 Rc1 66. Rd8 Rc5 67. Ke1 Kc3 68. Ke2 Rc4 69. Rd7 Rc5 70. Rd8
Re5+ 71. Kd1 d3 72. Rd7 Re4 73. Rd8 1/2-1/2

[Event "Championnat de France - Open A"]
[Site "Pau"]
[Date "2008.08.17"]
[Round "6.69"]
[White "Chizelle, Bernard"]
[Black "Beaucoudray, Marc"]
[Result "0-1"]
[WhiteElo "1960"]
[BlackElo "2010"]
[PlyCount "113"]

1. e4 e5 2. Nf3 Nc6 3. Bb5 a6 4. Ba4 d6 5. c3 Nf6 6. d3 Be7 7. O-O O-O 8. Nbd2
b5 9. Bc2 Bb7 10. Re1 Re8 11. Nf1 Bf8 12. Ng3 g6 13. Bd2 Bg7 14. Qc1 Qd7 15. a4
d5 16. h3 Nd8 17. axb5 axb5 18. Rxa8 Bxa8 19. Bb3 c5 20. Bc2 Bc6 21. Be3 Nb7
22. Bh6 Bh8 23. Qg5 Qe6 24. Qh4 Bg7 25. Ng5 Qd7 26. Re3 Qd6 27. Rf3 Nd8 28.
Bxg7 Kxg7 29. exd5 Bxd5 30. Nf5+ gxf5 31. Rxf5 Rh8 32. Qg3 Kf8 33. Rxe5 Nc6 34.
d4 cxd4 35. cxd4 h6 36. Nxf7 Bxf7 37. Qf4 Nxd4 38. Bd3 Nc6 39. Rf5 Qxf4 40.
Rxf4 Nd5 41. Rh4 b4 42. Bb5 Nde7 43. Bc4 Kg7 44. Re4 Kf6 45. f4 Rc8 46. g4 Ng6
47. f5 Nf4 48. Kh2 Re8 49. Rd4 Re3 50. Bf1 Rf3 51. Rd1 Rf2+ 52. Kg3 Rxb2 53.
Bc4 Rg2+ 54. Kf3 Rh2 55. Bd5 Nxd5 56. Kg3 Rb2 57. Rc1 {suite illisible} 0-1

[Event "Championnat de France - Open A"]
[Site "Pau"]
[Date "2008.08.17"]
[Round "6.70"]
[White "Durandeau, Jean-Marie"]
[Black "Lambert, Thierry"]
[Result "1-0"]
[WhiteElo "1956"]
[BlackElo "2000"]
[PlyCount "27"]

1. e4 c5 2. Nf3 e6 3. d4 cxd4 4. Nxd4 Nc6 5. Nc3 Qc7 6. Be3 a6 7. Bd3 Nf6 8.
O-O Bc5 9. Nxe6 fxe6 10. Bxc5 Ne5 11. Ba3 Nxd3 12. Qxd3 b5 13. e5 Ng8 14. Qf3
1-0

[Event "Championnat de France - Open A"]
[Site "Pau"]
[Date "2008.08.17"]
[Round "6.72"]
[White "Deschler, Fabrice"]
[Black "Zeller, Olivier"]
[Result "0-1"]
[WhiteElo "2141"]
[BlackElo "2011"]
[PlyCount "83"]

1. Nf3 Nf6 2. c4 g6 3. Nc3 Bg7 4. d4 O-O 5. g3 d6 6. Bg2 Nbd7 7. O-O e5 8. e4
c6 9. Re1 a6 10. a3 Rb8 11. d5 c5 12. b4 h6 13. Rb1 b6 14. Nh4 Nh7 15. Be3 Ng5
16. Qd2 Kh7 17. f4 exf4 18. gxf4 Nh3+ 19. Bxh3 Qxh4 20. Bg2 Re8 21. Bf2 Qd8 22.
h3 cxb4 23. Rxb4 Qc7 24. Reb1 Nc5 25. Bd4 f5 26. Bxg7 Qxg7 27. Kh2 fxe4 28. Qe3
Nd3 29. R4b3 Bf5 30. Na4 b5 31. cxb5 axb5 32. Nb6 b4 33. Nc4 Qf6 34. Na5 Bd7
35. Bxe4 Nc5 36. Rxb4 Rxb4 37. Rxb4 Bf5 38. Nb3 Rxe4 39. Rxe4 Nxe4 40. Nd4 Qh4
41. Kg2 Bxh3+ 42. Kg1 0-1

[Event "Championnat de France - Open A"]
[Site "Pau"]
[Date "2008.08.17"]
[Round "6.73"]
[White "Licayan, Albert"]
[Black "Auvray, Simon"]
[Result "1/2-1/2"]
[WhiteElo "2139"]
[BlackElo "1920"]
[PlyCount "126"]

1. e4 c5 2. Nf3 e6 3. c4 Nc6 4. Nc3 Nf6 5. Be2 d5 6. cxd5 exd5 7. exd5 Nxd5 8.
O-O Be6 9. d4 Nxc3 10. bxc3 cxd4 11. Nxd4 Nxd4 12. cxd4 Be7 13. Rb1 O-O 14. Bf3
Bd5 15. Be3 a6 16. Bxd5 Qxd5 17. Qb3 Qxb3 18. Rxb3 b5 19. Rc1 Rfc8 20. Rbc3
Rxc3 21. Rxc3 b4 22. Rc7 Bf8 23. Kf1 a5 24. Ke2 a4 25. Kd3 Rb8 26. Ra7 b3 27.
axb3 axb3 28. Ra1 b2 29. Rb1 Ba3 30. Bd2 f6 31. Bc3 Kf7 32. Kc2 Ke6 33. Bxb2
Rc8+ 34. Kd3 Rb8 35. Re1+ Kd5 36. Bc3 Rb7 37. Ra1 Bd6 38. h3 g5 39. Ra5+ Ke6
40. g4 Bb4 41. Bxb4 Rxb4 42. Ra7 Rb3+ 43. Ke4 Rxh3 44. d5+ Kd6 45. Ra6+ Ke7 46.
Re6+ Kf7 47. f3 h5 48. gxh5 Rxh5 49. Ra6 Rh4+ 50. Ke3 Rh3 51. Ra7+ Ke8 52. Ke4
Rh4+ 53. Kf5 Rh1 54. Kxf6 Rf1 55. Ke6 Re1+ 56. Kf5 Re3 57. Kg4 Rd3 58. Rg7 Rxd5
59. Rxg5 Rd4+ 60. f4 Kf7 61. Ra5 Rd6 62. Kh5 Kf6 63. Rg5 Rd1 1/2-1/2

[Event "Championnat de France - Open A"]
[Site "Pau"]
[Date "2008.08.17"]
[Round "6.74"]
[White "Hirt, Jean"]
[Black "Cruz, Manuel"]
[Result "0-1"]
[WhiteElo "2053"]
[BlackElo "2001"]
[PlyCount "96"]

1. e4 d6 2. d4 Nf6 3. Nc3 g6 4. f4 Bg7 5. Nf3 c6 6. Be2 O-O 7. O-O Nbd7 8. e5
dxe5 9. fxe5 Nd5 10. Ne4 f6 11. exf6 exf6 12. c4 Ne7 13. Kh1 Nb6 14. Be3 Nf5
15. Bg1 Re8 16. Qd2 Kf8 17. g4 Nh6 18. g5 Nf5 19. gxf6 Bxf6 20. Nxf6 Qxf6 21.
Ne5 Be6 22. b3 Rad8 23. Qc3 Nd7 24. Ng4 Qg7 25. Rac1 Nf6 26. Nxf6 Qxf6 27. Bf3
Kg8 28. b4 Qg7 29. Rfe1 Qf7 30. b5 cxb5 31. d5 Bd7 32. c5 Ne3 33. Rf1 Nxf1 34.
Rxf1 Rc8 35. Bd4 Bg4 36. Bg2 Qd7 37. c6 bxc6 38. dxc6 Qe6 39. Qd3 Qe7 40. Bd5+
Be6 41. Qxb5 Bxd5+ 42. Qxd5+ Qe6 43. Qd7 Re7 44. Qxe6+ Rxe6 45. c7 Rxc7 46. Bb2
Re2 47. Ba3 Rxa2 48. Rf8+ Kg7 0-1

[Event "Championnat de France - Open A"]
[Site "Pau"]
[Date "2008.08.17"]
[Round "6.75"]
[White "Armand, Jerome"]
[Black "Moullier, Igor"]
[Result "0-1"]
[WhiteElo "2020"]
[BlackElo "2041"]
[PlyCount "42"]

1. e4 e6 2. d4 d5 3. e5 c5 4. c3 Nc6 5. Nf3 Bd7 6. a3 f6 7. exf6 Nxf6 8. Bd3 c4
9. Bc2 Bd6 10. Bg5 Qc7 11. O-O O-O 12. Nbd2 Rae8 13. Re1 Ng4 14. h3 Bh2+ 15.
Kf1 Nxf2 16. Qe2 Bg3 17. Kg1 e5 18. dxe5 Nxe5 19. Nxe5 Rxe5 20. Qh5 Bh2+ 21.
Kf1 Ne4+ 0-1

[Event "Championnat de France - Open A"]
[Site "Pau"]
[Date "2008.08.17"]
[Round "6.76"]
[White "Zaninetti, Laurent"]
[Black "Vaillant, Stephane"]
[Result "1/2-1/2"]
[WhiteElo "2013"]
[BlackElo "2016"]
[PlyCount "41"]

1. d4 e6 2. Nf3 Nf6 3. e3 c5 4. c4 cxd4 5. exd4 d5 6. Nc3 Nc6 7. Bg5 Be7 8. Bd3
dxc4 9. Bxc4 O-O 10. a3 b6 11. O-O Bb7 12. Rc1 Rc8 13. Qd3 Na5 14. Ba2 Bxf3 15.
Qxf3 Qd7 16. Rfd1 Rfd8 17. Qg3 Qb7 18. Bb1 g6 19. Ba2 Rc7 20. b4 Nc6 21. Qe3
1/2-1/2

[Event "Championnat de France - Open A"]
[Site "Pau"]
[Date "2008.08.17"]
[Round "6.77"]
[White "Dube, Dimitri"]
[Black "Cartigny, Patrick"]
[Result "1-0"]
[WhiteElo "2124"]
[BlackElo "2020"]
[PlyCount "33"]

1. c3 e5 2. d4 exd4 3. Qxd4 Nf6 4. Nf3 d5 5. Bf4 c5 6. Qa4+ Bd7 7. Qc2 Nc6 8.
Nbd2 Be7 9. e3 O-O 10. Bd3 Rc8 11. O-O g6 12. Rfe1 c4 13. Bf1 Bf5 14. Qa4 a6
15. Rad1 Qd7 16. e4 dxe4 17. Nxe4 1-0

[Event "Championnat de France - Open A"]
[Site "Pau"]
[Date "2008.08.17"]
[Round "6.78"]
[White "Busson, Benoist"]
[Black "Kirk, Jason"]
[Result "0-1"]
[WhiteElo "2028"]
[BlackElo "1979"]
[PlyCount "76"]

1. e4 c5 2. a3 g6 3. d4 Bg7 4. Nf3 cxd4 5. c3 d3 6. Bxd3 d6 7. Be3 Nf6 8. O-O
Nc6 9. Nbd2 O-O 10. h3 Qc7 11. c4 Nd7 12. Rb1 Nde5 13. Nxe5 Nxe5 14. Be2 f5 15.
f4 Nc6 16. Bd3 Nd4 17. Nf3 Nxf3+ 18. Qxf3 fxe4 19. Bxe4 Kh8 20. Qe2 Be6 21. b3
Rae8 22. Qd3 Bf5 23. Kh1 a6 24. Bd4 e5 25. fxe5 dxe5 26. Bc3 Rd8 27. Qc2 Qc8
28. Bb4 Bxe4 29. Qxe4 Rf5 30. Bc3 Rdf8 31. Rfe1 R8f7 32. Qe3 Qc6 33. Rbd1 Kg8
34. Rd5 Qc8 35. Bxe5 Bxe5 36. Rxe5 Rf1+ 37. Kh2 Rxe1 38. Qxe1 Rf5 0-1

[Event "Championnat de France - Open A"]
[Site "Pau"]
[Date "2008.08.19"]
[Round "7.1"]
[White "Dionisi, Thomas"]
[Black "Lambert, Romain"]
[Result "0-1"]
[WhiteElo "2067"]
[BlackElo "1953"]
[PlyCount "60"]

1. e4 c5 2. b3 d6 3. Bb2 Nc6 4. f4 Nf6 5. Nc3 g6 6. Bb5 Bg7 7. Qe2 O-O 8. Bxc6
bxc6 9. O-O-O Be6 10. d3 a5 11. Nf3 a4 12. Nxa4 Rxa4 13. bxa4 Qa5 14. c4 Qxa4
15. Qc2 Qa7 16. a4 Rb8 17. Bc3 d5 18. Ng5 Bg4 19. Rde1 h6 20. h3 d4 21. Bd2
hxg5 22. hxg4 Nxg4 23. fxg5 Nf2 24. Rh4 Nxd3+ 25. Qxd3 Qxa4 26. Bf4 Qa1+ 27.
Kd2 Rb2+ 28. Qc2 Qa5+ 29. Kd3 Qa3+ 30. Kd2 Qc3+ 0-1

[Event "Championnat de France - Open A"]
[Site "Pau"]
[Date "2008.08.19"]
[Round "7.2"]
[White "Zarrouati, Pierre"]
[Black "Buscara, Sevan"]
[Result "1-0"]
[WhiteElo "2188"]
[BlackElo "2159"]
[PlyCount "111"]

1. d4 d5 2. Nf3 Nf6 3. c4 c6 4. e3 Bg4 5. Nc3 e6 6. Be2 Nbd7 7. O-O Bd6 8. h3
Bh5 9. Nd2 Bg6 10. Bf3 O-O 11. e4 dxe4 12. Ndxe4 Bb8 13. b4 Qc7 14. Ng3 e5 15.
d5 e4 16. Be2 cxd5 17. Nxd5 Nxd5 18. Qxd5 Nf6 19. Qb5 a6 20. Qa4 Ne8 21. Rd1 f5
22. Bb2 e3 23. Nf1 exf2+ 24. Kh1 Qe7 25. Bf3 Nf6 26. Rd2 Be8 27. Qc2 a5 28. b5
Ba7 29. Re2 Qc7 30. Be5 Qc5 31. Rd1 Bg6 32. Bd6 Qc8 33. c5 Re8 34. Rxf2 Ne4 35.
Bxe4 fxe4 36. Ne3 Qe6 37. Rd5 Rac8 38. Re5 Qd7 39. Qb3+ Bf7 40. Qb2 Rxe5 41.
Qxe5 Qe6 42. Qd4 Bg6 43. Rc2 Rd8 44. Rd2 Qf6 45. Qd5+ Bf7 46. Qd4 Qg5 47. Rf2
Rc8 48. Rf5 Qh6 49. Qxe4 Qg6 50. Qxb7 Re8 51. Qxa7 h6 52. Qxf7+ Qxf7 53. Rxf7
Kxf7 54. Nd5 Re1+ 55. Kh2 Rd1 56. b6 1-0

[Event "Championnat de France - Open A"]
[Site "Pau"]
[Date "2008.08.19"]
[Round "7.3"]
[White "Chamaillard, Sylvain"]
[Black "Iglesias, Joachim"]
[Result "1/2-1/2"]
[WhiteElo "2109"]
[BlackElo "2187"]
[PlyCount "51"]

1. e4 c5 2. Nf3 d6 3. d4 Nf6 4. Nc3 cxd4 5. Nxd4 g6 6. Be3 Bg7 7. f3 O-O 8. Qd2
Nc6 9. O-O-O Nxd4 10. Bxd4 Be6 11. Kb1 Qc7 12. g4 Rfd8 13. h4 Qa5 14. Qg5 Qc7
15. h5 h6 16. Qe3 g5 17. e5 Nd5 18. Qf2 dxe5 19. Nxd5 Bxd5 20. Bc3 Qc6 21. Rh3
b5 22. Bd3 e6 23. Qe2 Qd6 24. Be1 Qa6 25. a3 Bc4 26. Bg3 {suite illisible}
1/2-1/2